<?xml version="1.0" encoding="UTF-8"?>
<record
    xmlns:xsi="http://www.w3.org/2001/XMLSchema-instance"
    xsi:schemaLocation="http://www.loc.gov/MARC21/slim http://www.loc.gov/standards/marcxml/schema/MARC21slim.xsd"
    xmlns="http://www.loc.gov/MARC21/slim">

  <leader>00422nam a22001817a 4500</leader>
  <controlfield tag="005">20200316121813.0</controlfield>
  <controlfield tag="008">200316b        xxu||||| |||| 00| 0 eng d</controlfield>
  <datafield tag="020" ind1=" " ind2=" ">
    <subfield code="a">9788188919027</subfield>
  </datafield>
  <datafield tag="041" ind1=" " ind2=" ">
    <subfield code="a">eng</subfield>
  </datafield>
  <datafield tag="082" ind1=" " ind2=" ">
    <subfield code="a">338.476 151</subfield>
  </datafield>
  <datafield tag="100" ind1=" " ind2=" ">
    <subfield code="a">JOSEPH, AJOY S</subfield>
    <subfield code="9">5205</subfield>
  </datafield>
  <datafield tag="245" ind1=" " ind2=" ">
    <subfield code="a">PHARMACEUTICAL MARKETING</subfield>
  </datafield>
  <datafield tag="250" ind1=" " ind2=" ">
    <subfield code="a">1st, 2010</subfield>
  </datafield>
  <datafield tag="260" ind1=" " ind2=" ">
    <subfield code="a">DELHI</subfield>
    <subfield code="b">CBS</subfield>
    <subfield code="c">2019</subfield>
  </datafield>
  <datafield tag="300" ind1=" " ind2=" ">
    <subfield code="a">156p,</subfield>
  </datafield>
  <datafield tag="650" ind1=" " ind2=" ">
    <subfield code="a">PHARMACY</subfield>
    <subfield code="9">5206</subfield>
  </datafield>
  <datafield tag="942" ind1=" " ind2=" ">
    <subfield code="c">BK</subfield>
  </datafield>
  <datafield tag="999" ind1=" " ind2=" ">
    <subfield code="c">6112</subfield>
    <subfield code="d">6110</subfield>
  </datafield>
  <datafield tag="952" ind1=" " ind2=" ">
    <subfield code="0">0</subfield>
    <subfield code="1">0</subfield>
    <subfield code="4">0</subfield>
    <subfield code="7">0</subfield>
    <subfield code="8">PHARMACY</subfield>
    <subfield code="a">JRU</subfield>
    <subfield code="b">JRU</subfield>
    <subfield code="c">Shelf - 22- E</subfield>
    <subfield code="d">2020-03-16</subfield>
    <subfield code="e">PURCHESS</subfield>
    <subfield code="g">275.00</subfield>
    <subfield code="l">0</subfield>
    <subfield code="o">338.476 151</subfield>
    <subfield code="p">23837</subfield>
    <subfield code="r">2020-03-16 00:00:00</subfield>
    <subfield code="w">2020-03-16</subfield>
    <subfield code="y">BK</subfield>
  </datafield>
</record>
